| 000 | 00777cam a2200229 a 4500 | ||
|---|---|---|---|
| 001 | 000018980 | ||
| 005 | 20200929165907.0 | ||
| 008 | 750714s1970 pr 000 0 spa d | ||
| 040 |
_aDO-SdBNP _bspa _cDLC _dBNPHU |
||
| 082 |
_a923.27295 _bB562B |
||
| 100 | 1 |
_aBonafoux, Luis, _940838 |
|
| 245 | 1 | 0 |
_aBetances / _cLuis Bonafoux. |
| 260 |
_aSan Juan, Puerto Rico : _bInstituto de Cultura Puertorriqueña, _eRepública Dominicana, _fCorripio _c1970. |
||
| 300 |
_alxxix, 1-394 p. ; _c19 cm. |
||
| 490 | 1 | _aBiblioteca popular | |
| 500 | _aIncluye notas al pie de las páginas | ||
| 600 | 1 | 4 |
_aBETANCES, RAMÓN EMETERIO, _d1827-1898. _93623 |
| 651 | 4 |
_aPuerto Rico _xHistoria _91079 |
|
| 830 | 0 |
_aBiblioteca popular _95059 |
|
| 910 | _aCatalogación derivada / LC | ||
| 049 | _aBNGR | ||
| 999 |
_c18498 _d18498 |
||